Interkultúrna komunikácia - nový typ manažérskej komunikácie

Interkultúrna komunikácia ako produkt globalizačných a internacionalizačných procesov v hospodárskom živote, ktorých sprievodným javom je vznik a fungovanie stále väčšieho počtu multikultúrnych podnikov. Vysvetlenie pojmu interkultúrna komunikácia. Komunikačné vzorce. Kulty. Interkultúrna komunikáci...

Descripción completa

Guardado en:
Detalles Bibliográficos
Autor principal: Szarková, Miroslava, 1951-
Formato: Capítulo de libro
Lenguaje:eslovaco
Materias:
Etiquetas: Agregar Etiqueta
Sin Etiquetas, Sea el primero en etiquetar este registro!

MARC

LEADER 00000naa$a2200000$$$4500
001 0002499
005 20240502071346.6
041 0 |a slo 
044 |a SK 
245 1 0 |a Interkultúrna komunikácia - nový typ manažérskej komunikácie  |c aut. Miroslava Szarková 
520 |a Interkultúrna komunikácia ako produkt globalizačných a internacionalizačných procesov v hospodárskom živote, ktorých sprievodným javom je vznik a fungovanie stále väčšieho počtu multikultúrnych podnikov. Vysvetlenie pojmu interkultúrna komunikácia. Komunikačné vzorce. Kulty. Interkultúrna komunikácia ako nový typ sociálnej zručnosti. 
610 2 0 |a manažéri 
610 2 0 |a komunikácia manažérska 
100 1 |a Szarková, Miroslava, 1951-